Sports Quiz

Random Sports Quiz

Can you name the top receivers in the 2016-2017 season? Quiz Stats

Quiz not verified by Sporcle

Challenge
Share
Tweet
Embed
Score 0/10 Timer 05:00
0 Plays Today
Team / Yards Player % Correct
Indianapolis Colts 1,448 YardsT.Y. Hilton
100%
Atlanta Falcons 1,409 YardsJulio Jones
100%
Tampa Bay Buccaneers 1,321 YardsMike Evans
100%
Pittsburgh Steelers 1,284 YardsAntonio Brown
100%
Green Bay Packers 1,257 YardsJordy Nelson
100%
Oakland Raiders 1,153 YardsAmari Cooper
97.6%
Miami Dolphins 1,136 YardsJarvis Landry
95.2%
New Orleans Saints 1,173 YardsBrandin Cooks
85.7%
New Orleans Saints 1,137 YardsMichael Thomas
83.3%
New York Giants 1,367 YardsOdell Beckham Jr.
64.3%

You're not logged in!

Compare scores with friends on all Sporcle quizzes.
Sign Up with Email
OR
Log In

You Might Also Like...

Show Comments

Extras

Top Quizzes Today


Score Distribution

Your Account Isn't Verified!

In order to create a playlist on Sporcle, you need to verify the email address you used during registration. Go to your Sporcle Settings to finish the process.